On This Day: September 27th II Quiz Stats

 Plays Quiz Updated Sep 27, 2018

Score 0/7 Timer 03:00
0 Plays Today
Question Answer Wrong Answers
This American actress, known for films like ‘Emma’, ‘Shakespeare in Love’, and ‘Iron Man’, is born.
1972
Gwyneth Paltrow
84.9%
Jennifer Aniston
1.1%
Scarlett Johansson
10.8%
Cameron Diaz
2.7%
The National League for Democracy is formed by Aung San Suu Kyi and various others to help fight against the dictatorship in ______.
1988
Myanmar
73.6%
South Korea
13.9%
Pakistan
4.2%
China
7.2%
King Constantine I of ______ abdicates his throne in favor of his eldest son, George II.
1922
Greece
72.9%
Cyprus
5.5%
Turkey
16.8%
Albania
4.4%
The United States Department of ______ receives final approval from the US Congress to become the 13th US Cabinet agency.
1979
Education
56.5%
War
3.1%
Homeland Security
29.3%
Justice
10.3%
Revolutionary forces led by Agustín de Iturbide occupy Mexico City as Spanish troops withdraw, bringing an end to this conflict.
1821
Mexican War of Independence
55.9%
Fredonian Rebellion
1.3%
Mexican–American War
19.3%
Mexican Revolution
23.1%
This golfer wins the US Amateur Championship to complete the first, and only, pre-Masters Grand Slam.
1930
Bobby Jones
54.1%
Sam Snead
19.9%
Arnold Palmer
18.5%
Gary Player
7.1%
After the Second Continental Congress evacuates Philadelphia to avoid invading British forces, this city in Pennsylvania becomes capital of the United States for a day.
1777
Lancaster
42.5%
Pittsburgh
32.2%
Erie
6.5%
Scranton
18.6%

You're not logged in!

Compare scores with friends on all Sporcle quizzes.
OR
Log In

Sporcle TV

Today on Sporcle TV


Watch our educational content, quiz creation guides, and fun videos on Sporcle TV.

Show Comments

Extras

Top Quizzes Today


Score Distribution

Your Account Isn't Verified!

In order to create a playlist on Sporcle, you need to verify the email address you used during registration. Go to your Sporcle Settings to finish the process.

Report this User

Report this user for behavior that violates our Community Guidelines.

Details: